000 00344nam a2200169Ia 4500
003 IT-RoPAU
008 120407s9999 xx 000 0 und d
040 _aIT-RoPAU
040 _cIT-RoPAU
245 _aEnciclopedia Garzanti
245 _cAA.VV.
250 _aMilano
260 _aGarzanti
300 _c cm
490 _v5
942 _cBK
999 _c6433
_d6433